000 00818nac a22002537a 4500
001 BR6000346
003 BR-BrBNA
005 20240105112946.0
008 230509b bl.|||m| |||| 00| 0 por d
040 _aBR-BrBNA
_bpor
_cBiblioteca Nacional de Agricultura
072 _aL30
090 _a5000 BR6000346
100 1 _aMorrison, F.B.
245 1 _aAlimentos e alimentacao dos animais. Elementos essenciais para alimentar, cuidar e explorar os animais domesticos, incluindo aves
260 3 _aSao Paulo, SP (Brasil):
_c1955.
300 _a821 p.
490 _aBiblioteca Agronomica Melhoramentos (Brazil)
_vno. 14
_x
650 _aNutricao animal
650 _aAnimal domestico
650 _aAve domestica
650 _aAlimento
909 _a202312
_bLúcia Elande
_c55
_dLúcia Elande
942 _2AGRIS
_n0
_cMS
999 _c261136
_d261136